Best-Selling Albums of the 21st Century (by Year) - Statistics

General Stats
  • This quiz has been taken 61 times
  • The average score is 14 of 20
Answer Stats
Year Album Artist % Correct
2002 The Eminem Show Eminem
100%
2010 Recovery Eminem
100%
2006 High School Musical Various Artists
100%
2007 High School Musical 2 Various Artists
100%
2014 Frozen Various Artists
100%
2018 The Greatest Showman Various Artists
100%
2011 21 Adele
95%
2012 21 Adele
95%
2005 X&Y Coldplay
90%
2008 Viva la Vida or Death and All His Friends Coldplay
90%
2016 Lemonade Beyoncé
83%
2017 ÷ Ed Sheeran
79%
2015 25 Adele
62%
2001 Hybrid Theory Linkin Park
47%
2009 I Dreamed a Dream Susan Boyle
45%
2004 Confessions Usher
45%
2003 Come Away with Me Norah Jones
41%
2013 Midnight Memories One Direction
33%
2020 Map of the Soul: 7 BTS
21%
2019 5x20 All the Best!! 1999–2019 Arashi
0%
No matching quizzes found
Score Distribution
Percent of People with Each Score
Percentile by Number Answered
Your Score History
You have not taken this quiz